000 00227 a2200097 4500
020 _a9781041255062
100 _aWego Wang
245 _aReverse engineering: technology of reinvention
260 _bCRC Press
_c2026
942 _cOO
999 _c116039
_d116038